Constitución Política de los Estados Unidos Mexicanos (Record no. 49439)
[ view plain ]
| 000 -LEADER | |
|---|---|
| fixed length control field | 00721nam a22002057a 4500 |
| 005 - DATE AND TIME OF LATEST TRANSACTION | |
| control field | 20221017121852.0 |
| 008 - FIXED-LENGTH DATA ELEMENTS--GENERAL INFORMATION | |
| fixed length control field | 140225t1997 mx ||||| |||| 00| 0 sspad |
| 020 ## - INTERNATIONAL STANDARD BOOK NUMBER | |
| International Standard Book Number | 9700709663 (tomo I) |
| 020 ## - INTERNATIONAL STANDARD BOOK NUMBER | |
| International Standard Book Number | 9700709671 (tomo II) |
| 050 04 - LIBRARY OF CONGRESS CALL NUMBER | |
| Classification number | KGF2914 1917 |
| Item number | I56 1997 |
| 110 2# - MAIN ENTRY--CORPORATE NAME | |
| Corporate name or jurisdiction name as entry element | México. |
| Subordinate unit | Instituto de Investigaciones Jurídicas. |
| 240 00 - UNIFORM TITLE | |
| Uniform title | Leyes y códigos. |
| 245 10 - TITLE STATEMENT | |
| Title | Constitución Política de los Estados Unidos Mexicanos |
| Remainder of title | : comentada |
| Statement of responsibility, etc | / Instituto de Investigaciones Jurídicas. |
| 250 ## - EDITION STATEMENT | |
| Edition statement | 1oa ed. |
| 260 ## - PUBLICATION, DISTRIBUTION, ETC. (IMPRINT) | |
| Place of publication, distribution, etc | México : |
| Name of publisher, distributor, etc | Porrúa, |
| Date of publication, distribution, etc | 1997 |
| 300 ## - PHYSICAL DESCRIPTION | |
| Extent | 2 t. ; |
| Dimensions | 22 cm. |
| 490 0# - SERIES STATEMENT | |
| Series statement | A. Fuentes. B) Textos y estudios legislativos ; |
| Volume number/sequential designation | 59 |
| 651 #7 - SUBJECT ADDED ENTRY--GEOGRAPHIC NAME | |
| Source of heading or term | lemb |
| Geographic subdivision | México |
| Geographic name | Constituciones |
| 942 ## - ADDED ENTRY ELEMENTS (KOHA) | |
| Source of classification or shelving scheme | Biblioteca del Cogreso de los Estados Unidos |
| Koha item type | Libro |
| Estado de pérdida | Fuente de clasificación | Estado del daño | No para préstamo | Ubicación permanente | Ubicación actual | Apartado o colección | Fecha de adquisición | Fuente de adquisición | Edición | Enumeración de Serie / Cronológica | Dependencia de educación superior (DES) | Área del conocimiento | Clasificación | Código de Barras | Date last seen | Número de copia | Costo por reposición | Tipo de recurso |
|---|---|---|---|---|---|---|---|---|---|---|---|---|---|---|---|---|---|---|
| Biblioteca del Cogreso de los Estados Unidos | Biblioteca de la Facultad de Derecho y Ciencias Sociales "Felipe J. Tena" | Biblioteca de la Facultad de Derecho y Ciencias Sociales "Felipe J. Tena" | Consulta | 25/02/2014 | Unidad Académica | 10a ed. | T.1 | Derecho | Ciencias Sociales y Administrativas | KGF2914 1917 I56 1997 | BFD000004526 | 16/01/2015 | 1 | 1.00 | Libro | |||
| Biblioteca del Cogreso de los Estados Unidos | Biblioteca de la Facultad de Derecho y Ciencias Sociales "Felipe J. Tena" | Biblioteca de la Facultad de Derecho y Ciencias Sociales "Felipe J. Tena" | Consulta | 25/02/2014 | Unidad Académica | 10a ed. | T.2 | Derecho | Ciencias Sociales y Administrativas | KGF2914 1917 I56 1997 | BFD000004527 | 25/02/2014 | 1 | 1.00 | Libro |